000 00597nam a2200181 4500
008 01990 1995 0a 000 0MEX
020 _a968-422-564-4
050 _aTA350 B415-B4418
082 _a620.103 B149m
100 _aBeer, Ferdinand P.
245 _aMecánica Vectorial para Ingenieros Estatica / Ferdinand P. Beer, Johnston E. Russell
250 _a5a
260 _aMéxico : Mcgraw-Hill
300 _axviii, 472p. / 25 cm.
500 _aIncluye ap‚ndice.
650 _a1. ESTATICA \ 2. MECANICA APLICADA \ 3. ANALISIS VECTORIAL
700 _aI.Russell, Johnston E., coaut.
999 _c19303
_d19303